MLB Baseball Records - Statistics

General Stats
  • This quiz has been taken 80 times
  • The average score is 14 of 30
Answer Stats
Records Answer % Correct
Home Runs - 73 Barry Bonds
96%
Home Runs - 762 Barry Bonds
96%
Strikeouts - 383 Nolan Ryan
90%
Strikeouts - 5,714 Nolan Ryan
90%
Stolen Bases - 130 Rickey Henderson
90%
Stolen Bases - 1,406 Rickey Henderson
90%
Hits - 4,256 Pete Rose
82%
Highest WAR - 14.2 Babe Ruth
76%
Highest WAR - 183.1 Babe Ruth
76%
Wins - 511 Cy Young
75%
Loses - 316 Cy Young
75%
Hits - 262 Ichiro Suzuki
73%
RBI - 2,297 Hank Aaron
72%
Batting Average - .406 Ted Williams
72%
Batting Average - .366 Ty Cobb
67%
RBI - 191 Hack Wilson
58%
Doubles - 792 Tris Speaker
39%
Triples - 309 Sam Crawford
27%
WHIP - 0.7373 Pedro Martinez
24%
Wins - 60 Charles Radbourn
13%
Games - 106 Mike Marshall
13%
E.R.A - 1.816 Ed Walsh
7%
Doubles - 67 Earl Webb
6%
Games - 1,252 Jesse Orosco
6%
WHIP - 0.9678 Addie Joss
4%
E.R.A - 0.96 Dutch Leonard
3%
Lowest WAR - -3.2 Jim Levey
1%
Triples -36 John Wilson
1%
Lowest WAR - -14.85 Bill Bergen
0%
Loses - 48 John Coleman
0%
No matching quizzes found
Score Distribution
Percent of People with Each Score
Percentile by Number Answered
Your Score History
You have not taken this quiz